Methodo para determinar as horas das occultacoes de estrellas pele lua (Record no. 605)

MARC details
000 -LEADER
fixed length control field 00493nam a2200169Ia 4500
003 - CONTROL NUMBER IDENTIFIER
control field IN-BaIIA
008 - FIXED-LENGTH DATA ELEMENTS--GENERAL INFORMATION
fixed length control field 211028s9999 xx 000 0 eng d
040 ## - CATALOGING SOURCE
Transcribing agency IIA Library
080 ## - UNIVERSAL DECIMAL CLASSIFICATION NUMBER
Universal Decimal Classification number 083:52
Item number CRU
100 ## - MAIN ENTRY--PERSONAL NAME
Personal name Cruls, L.
9 (RLIN) 1329
245 #0 - TITLE STATEMENT
Title Methodo para determinar as horas das occultacoes de estrellas pele lua
Statement of responsibility, etc. L. Cruls
260 ## - PUBLICATION, DISTRIBUTION, ETC.
Place of publication, distribution, etc. Rio de Janeiro
Name of publisher, distributor, etc. Typographia Leuzinger
Date of publication, distribution, etc. 1899
300 ## - PHYSICAL DESCRIPTION
Extent [various pagings.]
650 ## - SUBJECT ADDED ENTRY--TOPICAL TERM
Topical term or geographic name entry element Astrophysics
9 (RLIN) 794
650 ## - SUBJECT ADDED ENTRY--TOPICAL TERM
Topical term or geographic name entry element Occultations
9 (RLIN) 943
942 ## - ADDED ENTRY ELEMENTS (KOHA)
Koha item type Books
Holdings
Withdrawn status Lost status Damaged status Not for loan Home library Current library Shelving location Date acquired Total Checkouts Full call number Barcode Date last seen Price effective from Koha item type
        IIA Library-Bangalore IIA Library-Bangalore General Stacks     083:52/ CRU 626 05/11/2021   Books

Powered by Koha